| 000 | 00339nam a22001457a 4500 | ||
|---|---|---|---|
| 020 | _qPB. | ||
| 040 | _cFIZZA ISHAQ | ||
| 082 |
_a6213.82 _bALA |
||
| 100 |
_aOPPENHEIM,V. ALAN. _991535 |
||
| 245 |
_aSIGNALS AND SYSTEMS / _cALAN V.OPPENHEIM. |
||
| 250 | _a2nd ED. | ||
| 260 |
_aPEARSON ; _c2020. |
||
| 300 | _a944 P. ; | ||
| 942 |
_2ddc _cBK |
||
| 999 |
_c589702 _d589702 |
||